Loading...

മാ൪ക്സിയ൯ നിരൂപണം മലയാളത്തില്‍

Bibliographic Details
Main Authors: ആ൪ ശ്രീലതാവ൪മ്മ, R Sreelatha Varma
Format: Printed Book
Published: Thrissur; Malayala Padana Gaveshana Kendram; 2006
Edition:1st
Subjects:
LEADER 00792nam a22001817a 4500
082 |a 894.M09  |b SRE/M P6 
100 |a ആ൪ ശ്രീലതാവ൪മ്മ;  |9 322421 
100 |a R Sreelatha Varma  |9 322422 
240 |a Marksiyan Niroopanam Malayalathil 
245 |a മാ൪ക്സിയ൯ നിരൂപണം മലയാളത്തില്‍ 
250 |a 1st 
260 |a Thrissur;  |b Malayala Padana Gaveshana Kendram;  |c 2006 
300 |a 88p. 
650 |a മലയാളം; വിമര്‍ശനം, നിരൂപണം  |9 322423 
650 |a Malayalam;Criticism  |9 322424 
942 |c BK 
999 |c 45540  |d 45540 
952 |0 0  |1 0  |4 0  |6 894_000000000000000_M09_SRE_M_P6  |7 0  |8 Cri  |9 53060  |a MAL  |b MAL  |d 2015-11-17  |e 48594  |g 60.00  |l 0  |o 894.M09 SRE/M P6  |p MAL048594  |r 2015-11-17  |t 1  |w 2015-11-17  |y BK